Leader xxxxxxxxxx
001 __ PCLIS00042361
005 __ 20091124144501.0
008 __ chi
010 0_ |a978-986-185-321-5|b上冊:平裝|dNT$280
010 0_ |a978-986-185-322-2|b中冊:平裝|dNT$280
010 0_ |a978-986-185-323-9|b下冊:平裝|dNT$280
042 __ |anbic
042 __ |anbic
042 __ |anbic
100 __ |a20090603d2009 k y0chiy09 e
101 0_ |achi
102 __ |atw
105 __ |aa z 000yy
200 1_ |a天地民心|e|f朱秀海著
205 __ |a初版
210 __ |a臺北市|c高寶國際臺灣分公司出版|c希代多媒體書版發行|d2009[民98]
215 0_ |a3冊|c|d21公分
225 2_ |a戲非戲|v79-81
260 1_ |a2009
300 __ |a
681 __ |a857.7|b2523|v增訂八版|yv.1
700 _1 |a朱|b秀海|4著
702 __ |a|b|4
801 _2 |aTW|bPTL|c20091031|gCCR
|